000 01238nam a2200325 a 4500
001 000116328
003 CHAP
005 20220329144610.0
008 191209s2019 mx a |sm |||||||spa d
010 _a112789
011 _a113761
040 _cCHAP
090 _aTesis
100 1 _aLópez Tapia, Ana Karen.
_9137143
245 1 0 _aIdentificación de los hongos asociados a dos especies de ácaros tarsonémidos en San Pedro Amuzgos, Oaxaca
_h[En línea]
_cpor Ana Karen López Tapia.
260 _aChapingo, Méx. :
_bEl autor,
_c2019.
500 _aPara ver el contenido del material haga clic en la liga
502 _aTesis (Ing. Agr. Esp. en Parasitología Agrícola) -- UACH. Departamento de Parasitología Agrícola
590 _aBATCH-UPD
_b05
_c20191209
_lUCH01
_h1408
590 _aE6339RRR
_b05
_c20191209
_lUCH01
_h1407
590 _aE6339RRR
_b05
_c20191209
_lUCH01
_h1408
650 1 4 _aChile (Botánica)
_xCultivo.
_9136388
650 1 4 _aChile (Botánica)
_xEnfermedades por hongos.
_922354
650 1 4 _aChile (Botánica)
_xPlagas.
_922380
650 1 4 _aHongos
_xIdentificación.
_956105
856 _aFinding aid
_uhttp://10.13.5.2/tesis/sist116328.pdf
_zTeclea aquí
901 _aBK
942 _cTESIS
942 _n0
999 _c112789
_d112789